00409nam a2200145Ia 4500008004100000020002200041082001600063100002300079245004800102250000800150260004700158300001000205600003300215650001500248241115s9999 xx 000 0 und d a978-0-521-89797-6 a174.962 WHI aWhitbeck, Caroline 0aEthics in Engineering Practice and Research a2nd aAmerica:bCambridge University pressc2011 a414p. aHumanities & Natural Science aPsychology